000 00851nam a22003017a 4500
003 CHAP
005 20220329132917.0
008 971013c19881983 r 00010 d
010 _a182
011 _a1154
035 _a330
040 _cCHAP
082 _a631.542
_bE4 1983
100 0 0 _aEdinger, Philip.
_935373
245 _aPruning handbook
250 _a3 ed.
260 _aMenlo Park, CA :
_bSunset Books,
_c1988 [c1983]
300 _a120 p.
_b: ilus.
500 _a35-135
590 _aBATCH-UPD
_b10
_c20130110
_lUCH01
_h0151
590 _aBATCH-UPD
_b10
_c20130110
_lUCH01
_h1123
590 _aCONVERSION
_b10
_c20130109
_lUCH01
_h1302
650 1 4 _aArboles frutales
_xPoda.
_96684
650 1 4 _aPoda.
_989467
901 _aBK
942 _cLIBRO
949 _a631.542 E4 1983
_bBC
_cLIBRO
_d33724000162194
_eLIBRO
_gI.147688
_h76650
_i330
_si
_t91.00
999 _c182
_d182